| 000 | 00733cam a22002294a 4500 | ||
|---|---|---|---|
| 001 | 14423733 | ||
| 005 | 20180301040735.0 | ||
| 008 | 060622s2007 nyu b 000 0deng | ||
| 010 | _a 2006049361 | ||
| 020 | _a9780307263537 | ||
| 040 |
_aDLC _cDLC _dDLC |
||
| 041 | _aeng | ||
| 080 | _a617.092 CHEN | ||
| 082 | 0 | 0 |
_a617.092 CHEN _aB _222 |
| 100 | 1 | _a25 | |
| 101 | _aEDU | ||
| 245 | 1 | 0 |
_aFinal exam : _cPauline W. Chen. |
| 504 | _aIncludes bibliographical references (p. [268]). | ||
| 906 |
_a7 _bcbc _corignew _d1 _eocip _f20 _gy-gencatlg |
||
| 942 |
_2ddc _cBK |
||
| 999 |
_c43778 _d43778 |
||